• 首页
  • 本馆介绍
  • 公告通知
  • 最新文献
  • 馆藏检索
  • 电子资源
  • 读者导购
  • 参考咨询
  • 我的图书馆
  • 登录
  • 详细信息显示
  • 放入我的书架
  • 预约/预借图书
  • 作者相关作品
  • 分类相关作品
  • 丛书相关作品
  • 出版社相关作品

书目信息

  • 表格格式
  • 工作单格式
  • 卡片格式
题名:
水库湖泊垂钓技巧
    
 
作者: 钱邦伦 著
分册:  
出版信息: 成都   四川科学技术出版社  2005
页数: 258页
开本: 20cm
丛书名:
单 册:
中图分类: G897
科图分类:
主题词: 钓鱼(文娱活动)--基本知识
电子资源:
ISBN: 7-5364-5618-2
000 00779nam0 2200241 45
001 060000036574
005 20060104155826.51
010    @a7-5364-5618-2@dCNY13.00
092    @aCN
100    @a20050714d2005 ekmy0chiy0120 ea
101 0  @achi
102    @aCN@b510000
105    @aa z 000yy
200 1  @a水库湖泊垂钓技巧@9shui ku hu bo chui diao ji qiao@f钱邦伦著@Fqian bang lun zhu
210    @a成都@c四川科学技术出版社@c四川出版集团@d2005
215    @a258页@c图@d20cm
330    @a本书介绍湖泊、水库钓鱼文化、知识、技巧,介绍适宜湖泊、水库垂钓的各种钓具、钓饵、钓法和竞赛技能规则等。
606 0  @a钓鱼(文娱活动)@x基本知识
690    @aG897@v4
701  0 @a钱邦伦@Aqian bang lun@4著
801  0 @aCN@bCXYBOOK@c20060104
905    @a10447@dG897@e206
999    @aYYW@eDF
    
    水库湖泊垂钓技巧/钱邦伦著.-成都:四川科学技术出版社:四川出版集团,2005
    258页:图;20cm
    
    
    ISBN 7-5364-5618-2:CNY13.00
    本书介绍湖泊、水库钓鱼文化、知识、技巧,介绍适宜湖泊、水库垂钓的各种钓具、钓饵、钓法和竞赛技能规则等。
●
相关链接 在E读中查询图书 在五车中查询图书 在当当中查询图书 在豆瓣中查询图书


正题名:水库湖泊垂钓技巧     索取号:G897/206         预约/预借

序号 登录号 条形码 馆藏地/架位号 状态 备注
1 0373545   203735459   第一样本阅览室/ [索取号:G897/206] 在馆    
2 0373546   203735468   第四借阅区/ [索取号:G897/206] 在馆    
3 0373547   203735477   第四借阅区/ [索取号:G897/206] 在馆    
4 0373548   203735486   第四借阅区/ [索取号:G897/206] 在馆    
5 0373549   203735495   第四借阅区/ [索取号:G897/206] 在馆    
唐山师范学院图书馆 欢迎您!
大连网信软件有限公司© 版权所有